000 00724nam a22002770a 4500
001 UByD000661
003 AR-LpoUNG
005 20220619162639.0
008 220618s2007||||ag |||||||||||||||||spa d
020 _a9789876020558
040 _aAR-LpoUNG
_bspa
_cAR-LpoUNG
_eaacr
041 _aspa
044 _aag
082 0 _a808.068 3 491qui
100 1 _aGimenez, Eduardo Abel
245 1 0 _aQuiero escapar de Brigitte
250 _a1ra. ed.
260 _aCórdoba (Argetnina) :
_bComunic-Arte,
_c2007.
300 _a128 p.
505 0 _aSugerido a partir de 8 años (etiqueta CELESTE)
650 4 _aNOVELAS
650 4 _aLITERATURA
653 _aLITERATURA INFANTIL
905 _a44073
942 _cLIB
_2ddc
999 _c63346
_d63346